<?xml version="1.0" encoding="UTF-8"?><?xml-stylesheet type="text/xsl" href="static/style.xsl"?><OAI-PMH xmlns="http://www.openarchives.org/OAI/2.0/" xmlns:xsi="http://www.w3.org/2001/XMLSchema-instance" xsi:schemaLocation="http://www.openarchives.org/OAI/2.0/ http://www.openarchives.org/OAI/2.0/OAI-PMH.xsd"><responseDate>2026-04-13T06:34:20Z</responseDate><request verb="GetRecord" identifier="oai:www.recercat.cat:2117/410261" metadataPrefix="marc">https://recercat.cat/oai/request</request><GetRecord><record><header><identifier>oai:recercat.cat:2117/410261</identifier><datestamp>2025-07-17T16:22:01Z</datestamp><setSpec>com_2072_1033</setSpec><setSpec>col_2072_452951</setSpec></header><metadata><record xmlns="http://www.loc.gov/MARC21/slim" xmlns:dcterms="http://purl.org/dc/terms/" xmlns:xsi="http://www.w3.org/2001/XMLSchema-instance" xmlns:doc="http://www.lyncode.com/xoai" xsi:schemaLocation="http://www.loc.gov/MARC21/slim http://www.loc.gov/standards/marcxml/schema/MARC21slim.xsd">
   <leader>00925njm 22002777a 4500</leader>
   <datafield ind2=" " ind1=" " tag="042">
      <subfield code="a">dc</subfield>
   </datafield>
   <datafield ind2=" " ind1=" " tag="720">
      <subfield code="a">Durán Saborido, Alejandro</subfield>
      <subfield code="e">author</subfield>
   </datafield>
   <datafield ind2=" " ind1=" " tag="260">
      <subfield code="c">2024-01-26</subfield>
   </datafield>
   <datafield ind2=" " ind1=" " tag="520">
      <subfield code="a">Este proyecto se centra en mejorar la eficiencia de trabajo en el departamento de investigación y desarrollo (I+D) dentro de la empresa Hewlett-Packard (HP) mediante el desarrollo de una plataforma de centralización y extracción de datos utilizando Python. La plataforma facilita la incorporación de nuevas impresoras con fines de investigación y desarrollo que hay en el laboratorio del departamento, permite a los usuarios extraer periódicamente archivos específicos de estas impresoras y almacena la información en un servidor dentro de la empresa. Además, la plataforma permite visualizar, analizar y preprocesar los datos, agilizando la colaboración entre los ingenieros. En conjunto con la plataforma, se ha implementado una base de datos para almacenar y gestionar los datos de análisis recopilados por los ingenieros, que garantiza escalabilidad y recuperación de datos eficiente. También se ha desarrollado una API para poder interactuar fácilmente con los archivos y datos almacenados, lo cual facilita así la integración con otras herramientas y sistemas externos y permite la comunicación con los usuarios. La motivación detrás de esta iniciativa deriva de las prácticas de trabajo descentralizadas de almacenamiento y análisis de datos que existían hasta ahora dentro del departamento de I+D, las cuales daban lugar a mucha duplicación de trabajo y pérdida de información. La solución propuesta no solo consolida y centraliza los datos, sino que también se integra perfectamente con el flujo de trabajo del departamento de I+D.</subfield>
   </datafield>
   <datafield ind2=" " ind1=" " tag="520">
      <subfield code="a">This project focuses on enhancing work efficiency in the research and development (R&amp;amp;D) department within the company Hewlett-Packard (HP) by developing a platform for centralizing and extracting data using Python. The platform facilitates the onboarding of new printers for R&amp;amp;D purposes that exist within the department's lab, allows users to periodically extract specified files from these printers, and stores the information on a server within the company. Additionally, the platform supports data visualization, analysis, and preprocessing, streamlining collaboration among engineers. In conjunction with the platform, a database was implemented to store and manage analysis data gathered by the engineers, ensuring scalability and efficient retrieval. An API was also developed to enable seamless interaction with the stored files and data, facilitating integration with external tools and systems and enabling communication with the users. The motivation behind this initiative stems from the decentralized data storage and analysis practices within the R&amp;amp;D department, leading to duplicated work and loss of information. The proposed solution not only consolidates and centralizes data but also integrates seamlessly with the R&amp;amp;D department workflow.</subfield>
   </datafield>
   <datafield tag="653" ind2=" " ind1=" ">
      <subfield code="a">Àrees temàtiques de la UPC::Informàtica::Sistemes d'informació</subfield>
   </datafield>
   <datafield tag="653" ind2=" " ind1=" ">
      <subfield code="a">Data sets</subfield>
   </datafield>
   <datafield tag="653" ind2=" " ind1=" ">
      <subfield code="a">Information visualization</subfield>
   </datafield>
   <datafield tag="653" ind2=" " ind1=" ">
      <subfield code="a">gestió de dades</subfield>
   </datafield>
   <datafield tag="653" ind2=" " ind1=" ">
      <subfield code="a">visualització de dades</subfield>
   </datafield>
   <datafield tag="653" ind2=" " ind1=" ">
      <subfield code="a">extracció de dades</subfield>
   </datafield>
   <datafield tag="653" ind2=" " ind1=" ">
      <subfield code="a">desenvolupament de software</subfield>
   </datafield>
   <datafield tag="653" ind2=" " ind1=" ">
      <subfield code="a">anàlisi de dades</subfield>
   </datafield>
   <datafield tag="653" ind2=" " ind1=" ">
      <subfield code="a">data management</subfield>
   </datafield>
   <datafield tag="653" ind2=" " ind1=" ">
      <subfield code="a">data visualization</subfield>
   </datafield>
   <datafield tag="653" ind2=" " ind1=" ">
      <subfield code="a">data extraction</subfield>
   </datafield>
   <datafield tag="653" ind2=" " ind1=" ">
      <subfield code="a">software development</subfield>
   </datafield>
   <datafield tag="653" ind2=" " ind1=" ">
      <subfield code="a">data analysis</subfield>
   </datafield>
   <datafield tag="653" ind2=" " ind1=" ">
      <subfield code="a">Conjunts de dades</subfield>
   </datafield>
   <datafield tag="653" ind2=" " ind1=" ">
      <subfield code="a">Visualització de la informació</subfield>
   </datafield>
   <datafield ind2="0" ind1="0" tag="245">
      <subfield code="a">Desarrollo de Herramientas e Infraestructura de Extracción, Almacenamiento y Visualización de Datos en HP</subfield>
   </datafield>
</record></metadata></record></GetRecord></OAI-PMH>